|
|
|
|
| LEADER |
00000nam a2200000 4500 |
| 005 |
20120907143831.0 |
| 007 |
cr|||| |||| |
| 008 |
040726s2004 sp 000 0 spa d |
| 017 |
|
|
|a D.L.B30975-04
|
| 020 |
|
|
|a 8496283070
|
| 035 |
|
|
|a 6527
|
| 040 |
|
|
|a Mpons
|d BUS
|d vLex
|
| 080 |
|
|
|a 347.71:004
|
| 090 |
|
|
|c 3402
|d 3402
|
| 100 |
1 |
|
|a Rubio Velz̀quez, Ral︢.
|
| 245 |
1 |
3 |
|a La firma electrn̤ica
|h [Recurso electrn̤ico] :
|b aspectos legales y tčnicos /
|c autores, Ral︢ Rubio Velz̀quez, Carlos Rodrg̕uez Sau, Ramiro Muǫz Muǫz ; con la colaboracin̤ de Jorge Bustos... [etc.]
|
| 256 |
|
|
|a Servicio en ln̕ea
|
| 260 |
|
|
|a Barcelona :
|b Experiencia,
|c 2004.
|
| 300 |
|
|
|a 1 recurso electrn̤ico
|
| 506 |
1 |
|
|a Contenido solo disponible en los productos indicados
|d vLex Global
|d vLex Global (Academic Edition, excluding Law Schools)
|d vLex Global (U.S. Academic Edition, Law Schools)
|d vLex Global (U.S. Academic Edition, excluding Law Schools)
|d vLex Global (Academic Edition, Law Schools)
|
| 650 |
0 |
4 |
|a Comercio electrn̤ico
|
| 700 |
1 |
|
|a Rodrg̕uez Sau, Carlos,
|e coaut.
|
| 700 |
1 |
|
|a Muǫz Muǫz, Ramiro,
|e coaut.
|
| 740 |
0 |
|
|a vLex Libros (Servicio en ln̕ea)
|
| 856 |
4 |
0 |
|u http://vlex.com/source/firma-electronica-6527
|z Acceso restringido
|
| 942 |
|
|
|c BOOK
|
| 999 |
0 |
|
|a Electronic commerce
|